|
|
|
|
| LEADER |
00000nab a2200000 4500 |
| 005 |
20160331135022.0 |
| 008 |
151211b2006 cr f|||| |||| 00| 0 spa d |
| 090 |
|
|
|a REVIS 06.02.01
|
| 100 |
1 |
|
|9 108
|a Rojas Porras, Marta
|
| 245 |
1 |
1 |
|a ¿Práctica de palabras o de ideas? Panorama histórico de la enseñanza del léxico en Costa Rica /
|c Marta Rojas Porras,
|
| 260 |
|
|
|a San José, Costa Rica :
|b Editorial Universidad de Costa Rica,
|c 2006
|
| 300 |
|
|
|a páginas 103-126
|
| 520 |
|
|
|a Se sigue el rastro del tratamiento didáctico del léxico en Costa Rica desde inicios del siglo XX con la figura de Carlos Gagini, se revelaron obras como las de Elizondo y Cascante, hasta el trabajo de Sánchez Corrales. El recorrido muestra concepciones formalistas y metalingüísticas, comunicativas, de las funciones sociales y, por último, enfoques procesuales (pragmáticos y sociolingüísticos)
|
| 650 |
1 |
4 |
|9 1
|a EDUCACIÓN
|
| 773 |
0 |
|
|d San José, Costa Rica : Editorial de la Universidad de Costa Rica, 1997-
|o R0306
|t EDUCACIÓN: Revista de la Universidad de Costa Rica
|g Vol.30, no.1 (2006)
|
| 942 |
|
|
|h REVIS 06.02.01
|2 z
|c 10
|
| 999 |
|
|
|c 2960
|d 2960
|